Atlas: (Record no. 199495)

MARC details
000 -LEADER
fixed length control field 00913nam a22002417a 4500
005 - DATE AND TIME OF LATEST TRANSACTION
control field 20250508154049.0
008 - FIXED-LENGTH DATA ELEMENTS--GENERAL INFORMATION
fixed length control field 110317t xxu||||| |||| 00| 0 eng d
010 ## - LCCN (DPL NO)
LC control number ENG-144912 B-756554-557 ENG-139834
020 ## - INTERNATIONAL STANDARD BOOK NUMBER
International Standard Book Number 9789352221455
Terms of availability 695.00
035 ## - SYSTEM CONTROL NUMBER
System control number B-756554-557
035 ## - SYSTEM CONTROL NUMBER
System control number EN-123366
035 ## - SYSTEM CONTROL NUMBER
System control number EN-128444
037 ## - SOURCE OF ACQUISITION
Source of stock number/acquisition Astral
082 ## - DEWEY DECIMAL CLASSIFICATION NUMBER
Classification number 912.5452
100 1# - MAIN ENTRY--PERSONAL NAME
9 (RLIN) 26630
Personal name Sharma, Arun
245 10 - TITLE STATEMENT
Title Atlas:
Remainder of title for North- East India/
260 ## - PUBLICATION, DISTRIBUTION, ETC. (IMPRINT)
Place of publication, distribution, etc New Delhi
Name of publisher, distributor, etc Astral International Pvt Ltd
Date of publication, distribution, etc 2022
270 ## - ADDRESS
Address 4736/23, Ansari Road, Darya Ganj,
City New Delhi
Postal code 110002
300 ## - PHYSICAL DESCRIPTION
Extent 176p.
Dimensions 28cm (pbk)
500 ## - GENERAL NOTE
General note Includes index
942 ## - ADDED ENTRY ELEMENTS (KOHA)
Source of classification or shelving scheme Dewey Decimal Classification
Item type English Books
Call number suffix ATL
Classification part 912.5452
Holdings
Withdrawn status Lost status Source of classification or shelving scheme Damaged status Not for loan Collection code Home library Current library Date acquired Source of acquisition Cost, normal purchase price Total Checkouts Total Renewals Full call number Barcode Date last seen Copy number Cost, replacement price Koha item type
    Dewey Decimal Classification     Non-fiction Ashok Vihar Ashok Vihar 08/05/2025 Delivery of Books Act Division 695.00     ATL 912.5452 EN-128444 08/05/2025 1 695.00 English Books
    Dewey Decimal Classification     Non-fiction Bawana Bawana 21/03/2024 DBAD 695.00 2   912.5452 ATL EN-123366 07/12/2024 1 695.00 English Books
    Dewey Decimal Classification     Non-fiction Central Jail Tihar Central Jail Tihar 27/12/2023 Astral International Private Limited/LB-1237/4.12.23/37/23.11.23/4.12.23 695.00     ATL 912.5452 B-756556 27/12/2023 3 695.00 English Books
    Dewey Decimal Classification     Non-fiction Central Library Central Library 27/12/2023 Astral International Private Limited/LB-1237/4.12.23/37/23.11.23/4.12.23 695.00 5 2 ATL 912.5452 B-756554 13/11/2025 1 695.00 English Books
    Dewey Decimal Classification     Non-fiction Peshwa Road Peshwa Road 27/12/2023 Astral International Private Limited/LB-1237/4.12.23/37/23.11.23/4.12.23 695.00     ATL 912.5452 B-756555 27/12/2023 2 695.00 English Books
    Dewey Decimal Classification     Non-fiction Sarojini Nagar Sarojini Nagar 27/12/2023 Astral International Private Limited/LB-1237/4.12.23/37/23.11.23/4.12.23 695.00 4 2 ATL 912.5452 B-756557 04/05/2026 4 695.00 English Books

© Delhi Public Library
Hit Counter
free hit counter